000 00552cam a2200217 4500
008 000000n1999 000 0 eng u
020 _a1860813240
035 _a(Sirsi) u103820
050 _a690
110 _aBuilding Research Establishment
245 _aWeathering of white external PVC-U
260 _aLondon
_bCRC
_c1999
300 _a8p. ; 30cm.
490 _aBRE Digest
_v440
650 _aPVC
650 _aWINDOWS
650 _aGLAZING
650 _aDOUBLE-GLAZING
690 _aBUILT ENVIRONMENT-BUILDING MATERIALS
942 _n0
999 _c100167
_d100167